Introducción a la doctrina misional pontificia

Saved in:
Bibliographic Details
Main Author: Rétif, André (Author)
Format: Book
Language:Spanish
Published: Barcelona Estela 1959
Subjects:
Tags: Add Tag
No Tags, Be the first to tag this record!

MARC

LEADER 00000nam a2200000 a 4500
001 UCR1781
003 CL-VaPUC
008 971219e19590000SP |||||||||||||||||spa|d
082 0 4 |a 266  |b RET  |2 21 
100 0 |a Rétif, André  |e author  |9 399255 
245 1 0 |a Introducción a la doctrina misional pontificia 
300 |a 206 p 
942 |c BK 
945 |d 19971219 00:00:00  |a jquezada 
260 |a Barcelona  |b Estela  |c 1959 
650 7 |a MISIONES  |2 CL-VaPUC  |9 269280 
650 7 |a DOCTRINA RELIGIOSA  |2 CL-VaPUC  |9 333854 
650 0 |a Documentos pontificios   |9 255642 
650 0 |a Iglesia Católica  |9 256114 
583 |a last modification  |c 19971219 00:00:00  |k Rodrigo Vera 
999 |c 265146  |d 265144 
952 |0 0  |1 0  |4 0  |6 266_000000000000000_RET_1959  |7 0  |8 A  |9 295962  |a BIBTEO  |b BIBTEO  |d 2019-11-20  |i 3384179  |o 266 RET 1959  |p 3384179  |r 2025-01-17  |w 2019-11-20  |y BK  |k ICR